Encyclopedia of ocean and oceanography living earth (Record no. 3949)

MARC details
000 -LEADER
fixed length control field 00425nam a22001457a 4500
008 - FIXED-LENGTH DATA ELEMENTS--GENERAL INFORMATION
fixed length control field 250623b |||||||| |||| 00| 0 eng d
020 ## - INTERNATIONAL STANDARD BOOK NUMBER
ISBN 9788192954295
100 ## - MAIN ENTRY--AUTHOR
Author Kailash R
245 ## - TITLE STATEMENT
Title Encyclopedia of ocean and oceanography living earth
260 ## - PUBLICATION, DISTRIBUTION, ETC. (IMPRINT)
Place of publication New Delhi
Name of publisher Amiga press inc
Date of publication 2023
300 ## - COLLATION
Pagination viii, 212p.
Other physical details 2023
650 ## - TRACINGS
Main Subject Ocean-encyclopedias
Subdivision (1st) Oceanography-encyclopedias
942 ## - ADDED ENTRY ELEMENTS (KOHA)
Item type Books
050 ## - LIBRARY OF CONGRESS CALL NUMBER
Classification number GC9
Item number .K35
Holdings
Source of classification or shelving scheme Not for loan Permanent location Current location Date acquired Accession No. Full call number Barcode. Koha item type
Library of Congress Classification   Samuel Ogbemudia Main Library, University of Abuja Samuel Ogbemudia Main Library, University of Abuja 06/23/2025 2025/65061 GC9.K35 2025-2650 Books